"The Stockholm Criminology Symposium": Tagung des Swedish National Council for Crime Prevention, 4. bis 6. Juli 2007 in Stockholm

Guardado en:  
Detalles Bibliográficos
Autor principal: Krucsay, Brita (Autor)
Autor Corporativo: Stockholm Criminology Symposium. 2 Stockholm (2007) (Otro)
Tipo de documento: Electrónico Artículo
Lenguaje:Alemán
Publicado: 2007
En: Kriminologisches Journal
Año: 2007, Volumen: 39, Número: 4, Páginas: 296-302
Acceso en línea: Volltext (kostenfrei)
Volltext (kostenfrei)
Volltext (kostenfrei)
Rights Information:InC 1.0
Verificar disponibilidad: HBZ Gateway

MARC

LEADER 00000caa a2200000 c 4500
001 1936830434
003 DE-627
005 20260408105309.0
007 cr uuu---uuuuu
008 250925s2007 xx |||||o 00| ||ger c
024 7 |a urn:nbn:de:bsz:21-dspace-1780180  |2 urn 
024 7 |a 10.15496/publikation-119342  |2 doi 
024 7 |a 10900/178018  |2 hdl 
035 |a (DE-627)1936830434 
035 |a (DE-599)KXP1936830434 
040 |a DE-627  |b ger  |c DE-627  |e rda 
041 |a ger 
084 |a 2,1  |2 ssgn 
100 1 |a Krucsay, Brita  |e VerfasserIn  |4 aut 
245 1 5 |a "The Stockholm Criminology Symposium"  |b Tagung des Swedish National Council for Crime Prevention, 4. bis 6. Juli 2007 in Stockholm  |c Brita Krucsay 
264 1 |c 2007 
336 |a Text  |b txt  |2 rdacontent 
337 |a Computermedien  |b c  |2 rdamedia 
338 |a Online-Ressource  |b cr  |2 rdacarrier 
540 |q DE-2619  |a  Urheberrechtsschutz 1.0  |2 rs  |u http://rightsstatements.org/vocab/InC/1.0/ 
711 2 |a Stockholm Criminology Symposium  |n 2  |d 2007  |c Stockholm  |0 (DE-588)16045483-9  |0 (DE-627)712784454  |0 (DE-576)313394555  |4 oth 
773 0 8 |i Enthalten in  |t Kriminologisches Journal  |d Weinheim : Beltz Juventa, 1969  |g 39(2007), 4, Seite 296-302  |h Online-Ressource  |w (DE-627)719408636  |w (DE-600)2669998-9  |w (DE-576)369992946  |7 nnas 
773 1 8 |g volume:39  |g year:2007  |g number:4  |g pages:296-302 
856 4 0 |u http://hdl.handle.net/10900/178018  |x Digitalisierung  |x Resolving-System  |z kostenfrei  |3 Volltext  |7 0 
856 4 0 |u http://nbn-resolving.org/urn:nbn:de:bsz:21-dspace-1780180  |x Digitalisierung  |x Resolving-System  |z kostenfrei  |3 Volltext  |7 0 
856 4 0 |u https://doi.org/10.15496/publikation-119342  |x Digitalisierung  |x Resolving-System  |z kostenfrei  |3 Volltext  |7 0 
951 |a AR 
ELC |a 1 
LOK |0 000 xxxxxcx a22 zn 4500 
LOK |0 001 4775965387 
LOK |0 003 DE-627 
LOK |0 004 1936830434 
LOK |0 005 20250925114414 
LOK |0 008 250925||||||||||||||||ger||||||| 
LOK |0 040   |a DE-2619  |c DE-627  |d DE-2619 
LOK |0 092   |o n 
LOK |0 852   |a DE-2619 
LOK |0 852 1  |9 00 
LOK |0 939   |a 2025-09-25  |b l01 
OAS |a 1 
ORI |a WA-MARC-krimdoka001.raw